Declaración y plan de acción de lima en materia de desarrollo industrial y cooperación

Gespeichert in:
Bibliographische Detailangaben
Körperschaft: Organización de las Naciones Unidas para el Desarrollo Industrial
Format: Text
Veröffentlicht: Lima: ONUDI
Tags: Tag hinzufügen
Keine Tags, Fügen Sie den ersten Tag hinzu!

MARC

LEADER 00000 a a2200000 04500
001 25259
003
040
090 |a 180700  
110 |a Organización de las Naciones Unidas para el Desarrollo Industrial  
245 |a Declaración y plan de acción de lima en materia de desarrollo industrial y cooperación  
260 |a Lima:   |b ONUDI  
300 |a 24 p  
999 |c 12874  |d 12874